USFL/NFL Draft 1984 Quarterbacks Drafted - Statistics

General Stats
  • This quiz has been taken 6 times
  • The average score is 2 of 10
Answer Stats
Round Player Team College % Correct
1 Steve Young Buccaneers Brigham Young
100%
2 Rick Johnson Rams Southern Illinois
33%
2 Steve Smith Chargers Michigan
17%
3 Frank Seurer Seahawks Kansas
0%
3 John Bond Browns Mississippi State
0%
1 Ken Hobart Jets Idaho
0%
3 Tim Riordan Cardinals Temple
0%
3 Turner Gill Jets Nebraska
0%
3 Walter Lewis Patriots Alabama
0%
1 Wayne Peace Bengals Florida
0%
No matching quizzes found
Score Distribution
Percent of People with Each Score
Percentile by Number Answered
Your Score History
You have not taken this quiz